000 00916nam0a22002411 4500
001 rc\819190
005 20260406183941.0
035 _a(NLR Aleph) 006001911
090 _a7237636
_c7237636
100 _a20041129d1984 |||y0rusy50 ca
101 0 _arus
102 _aRU
105 _aa |||||||||
200 1 _aБиоэнергетика и термодинамика живых систем
_e[Сб. ст.]
_fАМН СССР, Сиб. отд-ние, Ин-т физиологии
_g[Предисл. В.А. Матюхина, К.А. Шошенко]
210 _aНовосибирск
_cБ. и.
_d1984
215 _a115 с.
_cил.
_d20
320 _aБиблиогр.: с. 98-109 (159 назв.)
712 0 2 _aИнститут физиологии
_cНовосибирск
_3RU\NLR\AUTH\889949240
_9394104
801 0 _aRU
_bNLR
_gpsbo
801 1 _aRU
_bELAR
_2rusmarc
852 _aNLR
_j85-3/3107
942 _cBOOK
980 _aNB